Automarken an Modellautos erkennen - Statistiken

Allgemein
  • Dieses Quiz wurde 199 mal gespielt
  • Das Durchschnittsergebnis liegt bei 10 aus 16
Antwortstatistiken
Modellauto Marke % Korrekt
Mercedes-Benz
95%
Porsche
94%
Fiat
81%
BMW
80%
Volkswagen
77%
Mini Cooper
72%
Ferrari
69%
Ford
69%
Trabant
58%
Citroën
55%
Jaguar
51%
Opel
44%
Renault
44%
Saab
34%
Volvo
30%
Wartburg
17%
Keine übereinstimmenden Quizze gefunden
Verteilung der Resultate
Anzahl Personen mit jedem Resultat
Perzentil nach korrekt beantworteten Fragen
Ihre Resultats-Entwicklung
Sie haben dieses Quiz noch nicht gespielt